000 00815nam a2200193 a 4500
001 49435
005 20180714034131.0
008 140415d 000 0 eng d
020 _a0134408683
041 _aeng
082 _a339
_bBEV
100 1 _aBEVERIDGE, THOMAS H.
245 1 0 _aPRINCIPLES OF MACROECONOMICS :
_bSTUDY GUIDE
250 _a4ed.
260 _a[s.l.] :
_bPRENTICE-HALL, INC.,
_c[s.f.]
300 _a
_c21.1 x 2 x 27.6
520 _aTHIS STUDY GUIDE HAS BEEN DEVELOPMENT TO ACCOMPANY PRINCIPLES OF MACROECONOMICS, THIS GUIDE TO HELP YOU AS YOU LEARN THE CONCEPTS THAT ARE PRESENTEN IN TEH TEXT; IF USED CONSISTENLY THROUHOUT YOUR COURSE THIS GUIDE CAN ENEABLE YOU MASTER THE MATERIAL IN WHAT IS LIKELY TO BE YOUR FIRTS OR SECOND ECONOMICS COURSE.
650 1 4 _aMACROECONOMIA
999 _c49435
_d49435